|
|
|
|
| LEADER |
00000nab a2200000 ar4500 |
| 001 |
vtls010597785 |
| 003 |
SK-MaSNL |
| 005 |
20260303214859.0 |
| 008 |
140521c2014 xo sr|p|||||||000 b|slo |
| 038 |
|
|
|a PPPK
|
| 040 |
|
|
|a PPPKCL
|b slo
|c PPPKCL
|e AACR2
|
| 041 |
0 |
|
|a slo
|
| 044 |
|
|
|a xo
|c SK
|
| 080 |
|
|
|a 373.6
|2 2001
|
| 080 |
|
|
|a 631.115.1
|2 2001
|
| 080 |
|
|
|a 631.147
|2 2001
|
| 080 |
|
|
|a [631.57+637]:631.147
|2 2001
|
| 080 |
|
|
|a 637.1
|2 2001
|
| 245 |
0 |
0 |
|a Prvé tri miesta v súťaži o mlieku na Kušniersku
|c [text a foto] Angel
|
| 300 |
|
|
|b Fotogr.
|
| 610 |
2 |
7 |
|a Stredná odborná škola, Kušnierska brána (Kežmarok, Slovensko)
|2 pppkcl
|9 165476
|
| 611 |
2 |
7 |
|a Mladý ekofarmár
|n (15. :
|d 2014 :
|c Kežmarok, Slovensko)
|2 pppkcl
|9 1250409
|
| 650 |
0 |
7 |
|a stredné odborné školy
|2 pppkcl
|9 67892
|
| 650 |
0 |
7 |
|a farmárstvo
|2 pppkcl
|9 81771
|
| 650 |
0 |
7 |
|a ekologické poľnohospodárstvo
|2 pppkcl
|9 3913
|
| 650 |
0 |
7 |
|a bioprodukty
|2 pppkcl
|9 3900
|
| 650 |
0 |
7 |
|a mlieko
|2 pppkcl
|9 3942
|
| 651 |
|
7 |
|a Kežmarok (Slovensko)
|2 pppkcl
|9 26808
|
| 773 |
0 |
|
|t Kežmarok
|g Roč. XXII, č. 5 (2014), s. 15
|
| 852 |
|
|
|a PPPK
|b KIS3GCP
|
| 856 |
4 |
1 |
|u http://www.kezmarok.sk/obcan/clanky/noviny_kezmarok_archiv-88.htm
|
| 999 |
|
|
|c 2219098
|d 2221028
|